1728 1343 1698 1955 1175 1770 1183 1625 1500 1221 1568 1369 1293 1261 1777 1103 1084 1730 1216 1494 1439 1073 1713 1853 1909 1535 1328 1724 1672 1311 1708 1953 1862 1574 1366 1469 1332 1427 1241 1257 1353 1626 1698 1302 1334 1818 1027 1834 1453 1968 1476 1625 1980 1854 1332 1371 1904 1367 1347 1971 1282 1723 1559 1199 1964 1832 1604 1247 1508 1805 1211 1526 1172 1715 1562 1200 1473 1154 1478 1044 1520 1881 1333 1708 1227 1682 1688 1553 1100 1380 1954 1507 1503 1459 1014 1423 1381 1659 1431 BCNSPRNW ULIB Ver.6.0+V

เปลี่ยนเป็นภาษาไทย

Change to English
 แสดงรายละเอียดบรรณานุกรม
  กลับหน้าหลัก

Brief Record : Get Marc (ISO 2709) : E-mail record : QR code < ปิดหน้าต่าง
LEADER : 00000nam 2200000uu 4500
001    13399123839
003     ULIB
008    141202s2556||||th 000 0 tha d
020    ^a9786167287911
050  4 ^aPE1127.M4^bอ756ภ
100 0  ^aอิศรางค์ นุชประยูร
245 10 ^aภาษาหมอ พูดอย่างไรฝรั่งจึงจะฟังรู้เรื่อง /^cอิศรางค์ นุชประยูร ; บรรณาธิการ, ชิษณุ พันธุ์เจริญ
260    ^aกรุงเทพฯ :^bศูนย์ฝึกอบรมทักษะการสื่อสาร ฝ่ายกุมารเวชศาสตร์ โรงพยาบาลจุฬาลงกรณ์,^c2556
300    ^a152 หน้า ;^c19 ซม.
650  4 ^aภาษาอังกฤษ^xการใช้ภาษา
650  4 ^aภาษาอังกฤษ^xการอ่าน
650  4 ^aภาษาอังกฤษ^xการออกเสียง
650  4 ^aภาษาอังกฤษ^xคำศัพท์
650  4 ^aการแพทย์^xคำศัพท์
650  4 ^aการสื่อสารทางการแพทย์
700 0  ^aชิษณุ พันธุ์เจริญ,^eบรรณาธิการ
710 2  ^aโรงพยาบาลจุฬาลงกรณ์. ^bฝ่ายกุมารเวชศาสตร์. ^bศูนย์ฝึกอบรมทักษะการสื่อสาร
945    ^p160^l0^i22343
945    ^p160^l0^i22344
945    ^p160^l0^i22345
945    ^p160^l0^i22346
945    ^p160^l0^i22347
945    ^p160^l0^i22348
945    ^p160^l0^i22349
999    ^aทศพร เกษรทอง
รายการนี้ยังไม่มีแท็ก
คุณยังไม่ได้ล็อกอิน คุณสามารถมีกิจกรรมร่วมกับเว็บไซต์ได้ แต่ต้องล็อกอินก่อน ::
  ล็อกอิน

รายการสื่อสารสนเทศ

ลำดับที่ ประเภท เลขเรียก/บาร์โค้ด สถานที่ สถานะ
1. การศึกษาทั่วไป
หนังสือสำรอง
สถานะ=หนังสือสำรอง
PE1127.M4 อ756ภ ฉ.1 
  Barcode: 22343
ห้องสมุดวิทยาเขตนครสวรรค์
►หนังสือทั่วไป:l:General Books
บนชั้น
2. การศึกษาทั่วไป
การศึกษาทั่วไป
PE1127.M4 อ756ภ ฉ.2 
  Barcode: 22344
ห้องสมุดวิทยาเขตนครสวรรค์
►หนังสือทั่วไป:l:General Books
บนชั้น
3. การศึกษาทั่วไป
การศึกษาทั่วไป
PE1127.M4 อ756ภ ฉ.3 
  Barcode: 22345
ห้องสมุดวิทยาเขตนครสวรรค์
►หนังสือทั่วไป:l:General Books
บนชั้น
4. การศึกษาทั่วไป
การศึกษาทั่วไป
PE1127.M4 อ756ภ ฉ.4 
  Barcode: 22346
ห้องสมุดวิทยาเขตนครสวรรค์
►หนังสือทั่วไป:l:General Books
บนชั้น
5. การศึกษาทั่วไป
การศึกษาทั่วไป
PE1127.M4 อ756ภ ฉ.5 
  Barcode: 22347
ห้องสมุดวิทยาเขตนครสวรรค์
►หนังสือทั่วไป:l:General Books
บนชั้น
6. การศึกษาทั่วไป
การศึกษาทั่วไป
PE1127.M4 อ756ภ ฉ.6 
  Barcode: 22348
ห้องสมุดวิทยาเขตนครสวรรค์
►หนังสือทั่วไป:l:General Books
บนชั้น
7. การศึกษาทั่วไป
การศึกษาทั่วไป
PE1127.M4 อ756ภ ฉ.7 
  Barcode: 22349
ห้องสมุดวิทยาเขตนครสวรรค์
►หนังสือทั่วไป:l:General Books
บนชั้น

รายการใกล้เคียง
    ผู้แต่ง [อิศรางค์ นุชประยูร]

    หัวเรื่อง [ภาษาอังกฤษ การใช้ภาษา]
    หัวเรื่อง [ภาษาอังกฤษ คำศัพท์]
    หัวเรื่อง [การสื่อสารทางการแพทย์]

BibComment


ยังไม่เคยถูกคอมเมนท์

คอมเมนท์ทรัพยากรรายการนี้
  คอมเมนท์: ภาษาหมอ พูดอย่าง..


 Copyright 2026. Bcnsprnw @Library